Sketches of an Elephant: A Topos Theory Compendium, Vol. 1 /

Gespeichert in:
Bibliographische Detailangaben
1. Verfasser: Johnstone, Peter T. (Verfasst von)
Format: Buch
Sprache:Englisch
Veröffentlicht: Oxford: Clarendon press, 2002
Schriftenreihe:Oxford logic guides 43
Tags: Tag hinzufügen
Keine Tags, Fügen Sie das erste Tag hinzu!

MARC

LEADER 00000nam a22000003a 4500
001 0009956
003 SK-STU
005 20151208105427.5
007 ta
008 151208s ----xo-----e------000-0-----d
020 |a 978-0-19-853425-9 
040 |a STU  |b slo 
041 0 |a eng  |h eng 
044 |a xxk 
100 1 |a Johnstone, Peter T.  |4 aut 
245 1 0 |a Sketches of an Elephant:  |b A Topos Theory Compendium, Vol. 1 /  |c aut. Peter T Johnstone 
260 |a Oxford:  |b Clarendon press,  |c 2002 
300 |a 562 s. 
490 0 |a Oxford logic guides  |v 43 
996 |c V* 52281/O-23438  |l VV11  |s P  |a 0  |w 0009956_0001